| 000 | 00890cam a22002773a 4500 | ||
|---|---|---|---|
| 001 | 518 | ||
| 003 | PGUSA | ||
| 005 | 20140828082949.0 | ||
| 008 | 960501s1996||||xxu|||||s|||||000 1 eng d | ||
| 040 |
_aPGUSA _beng |
||
| 042 | _adc | ||
| 050 | 4 | _aPZ | |
| 050 | 4 | _aPS | |
| 100 | 1 |
_aBaum, L. Frank _q(Lyman Frank), _d1856-1919 |
|
| 245 | 1 | 4 |
_aThe Enchanted Island of Yew : _bWhereon Prince Marvel Encountered the High Ki of Twi and Other Surprising People _h[electronic resource] / _cL. Frank Baum |
| 260 |
_bProject Gutenberg, _c1996 |
||
| 506 | _aPublic domain in the USA. | ||
| 516 | _aElectronic text | ||
| 653 | _aAdventure and adventurers -- Juvenile fiction | ||
| 653 | _aFairies -- Juvenile fiction | ||
| 653 | _aPrinces -- Juvenile fiction | ||
| 653 | _aFantasy fiction | ||
| 830 | 0 |
_aProject Gutenberg _v518 |
|
| 856 | 4 | 0 | _uhttp://www.gutenberg.org/ebooks/518 |
| 942 | _cEB | ||
| 999 |
_c229869 _d229869 |
||